000
00278 a2200121 4500
001
64355
082
_a
515.35 WIL
090
_c
37990
_d
37990
100
_a
Wilson H.K
245
_a
Ordinary Differential Equations
260
_a
London
_b
Addison Wesley
_c
1971
300
_a
377
942
_a
NUST-CAE
_k
515.35 WIL
999
_c
299428
_d
299428